| 000 | 00934aam a2200349 4500 | ||
|---|---|---|---|
| 005 | 20250701180347.0 | ||
| 008 | 150415b200 xxu||||| |||| 00| 0 spa d | ||
| 020 | _a8448137337 | ||
| 041 | _aESP | ||
| 082 | _a330 S356p4 | ||
| 100 |
_aSchiller, Bradley _933726 |
||
| 245 | _aPrincipios esenciales de economía | ||
| 250 | _a4 edición | ||
| 260 |
_aEspaña _bMcGraw-Hill _c2002 |
||
| 300 | _a346 páginas | ||
| 490 | _aDirección y Administración de Empresas | ||
| 650 | _aECONOMÍA | ||
| 650 | _aOFERTA Y DEMANDA | ||
| 650 | _aPOLÍTICA ECONÓMICA | ||
| 650 | _aMICROECONOMÍA | ||
| 650 | _aMONOPOLIO | ||
| 650 | _aMERCADO DE TRABAJO | ||
| 650 | _aINTERVENCIÓN DEL ESTADO | ||
| 650 | _aMACROECONOMÍA | ||
| 650 | _aPOLÍTICA FISCAL | ||
| 650 | _aDINERO | ||
| 650 | _aBANCOS | ||
| 650 | _aPOLÍTICA MONETARIA | ||
| 650 | _aCRECIMIENTO ECONÓMICO | ||
| 650 | _aCOMERCIO INTERNACIONAL | ||
| 942 |
_cBK _2ddc |
||
| 999 |
_c4630 _d4630 |
||